000 00891nab a2200253uu 4500
001 13803
003 HDC
007 cr aa aaaau
008 210213p2003 my ||||| |||| 00| 0 eng d
040 _aHDC
100 _aNesaretnam, Kalanithi
_eauthor
_914481
245 0 _aTocotrienols and Gene Expression-Techniques Available / by
_cKalanithi Nesaretnam
260 _aKuala Lumpur :
_bMalaysian Palm Oil Board,
_c2003
300 _a1 online resource ( 4 pages )
336 _atext
_2rdacontent
337 _acomputer
_2rdamedia
338 _aonline resource
_2rdacarrier
650 _aGene Expression -Techniques
_914483
650 _aTocotrienols
_914482
856 _zRequest full-text at [email protected]
942 _2lcc
942 _cAR
942 _kJART 003341
999 _c11119
_d11119